Optimizacija i regressija /

Na minha lista:
Detalhes bibliográficos
Autor principal: Demidenko, Jevgenij Zjamovič (Author)
Formato: Livro
Publicado em: Moskva : Nauka, 1989
Tags: Adicionar Tag
Sem tags, seja o primeiro a adicionar uma tag!

MARC

LEADER 00000nam a22000003a 4500
001 stu15980
005 20150617225758.4
008 ------s1989----xxr---------------------d
040 |a STU  |b slo 
041 0
044 |a xxr 
080 |a 519.863 
100 1 |a Demidenko, Jevgenij Zjamovič  |4 aut 
245 1 |a Optimizacija i regressija /  |c [aut.]Demidenko,Jevgenij Zjamovič 
260 |a Moskva :  |b Nauka,  |c 1989 
300 |a 292 :  |b Literatúra 
996 |b C84244  |c C*84244  |l CCII  |s P  |a 0  |w stu15980_0001 
996 |b C84245  |c C*84245  |l CCII  |s P  |a 0  |w stu15980_0002 
996 |b C84261  |c C*84261  |l CCVI  |s P  |a 0  |w stu15980_0003 
996 |b C84911  |c C*84911  |l CCXVIII  |s P  |a 0  |w stu15980_0004